| Поле | Инд. | ПП | Название | Значение |
|---|---|---|---|---|
| Тип записи | a | |||
| Библиографический уровень | b | |||
| 001 | Контрольный номер | UNIDUBNAe55f67b4ad4644d6b29fd66abaae5f10 | ||
| 005 | Дата корректировки | 20230130110249.4 | ||
| 008 | Кодируемые данные | 20170331 | ||
| 040 | b | Код языка каталог. | rus | |
| e | Правила каталог. | PSBO | ||
| 041 | 0_ | a | Код языка текста | rus |
| 084 | a | Индекс другой классификации/Индекс ББК | 67.401.041 | |
| 100 | 1_ | a | Автор | Зиборов О. В. |
| q | Полное имя | Зиборов Олег Валентинович | ||
| 100 | 1_ | a | Автор | Султанов К. А. |
| q | Полное имя | Султанов Камиль Арифович | ||
| 245 | 10 | a | Заглавие | Некоторые проблемные вопросы установления административной ответственности за нарушения законодательства субъектов Российской Федерации в области тишины и покоя граждан |
| 520 | 0_ | a | Аннотация | Рассмотрены наиболее актуальные проблемные вопросы установления административной ответственности за нарушение законодательства субъектов Российской Федерации в области тишины и покоя граждан. В настоящее время, как известно на федеральном уровне, ответственность за нарушение тишины и покоя граждан отсутствует. В то же время административная ответственность за вышеуказанные противоправные деяния установлена региональными законами об административных правонарушениях. Проанализированы имеющиеся основные противоречия между федеральным и региональным законодательством об административных правонарушениях. Предлагаются конкретные рекомендации, способствующие устранению возникшего законодательного правового пробела |
| 650 | 14 | a | Основная рубрика | административное право |
| a | Основная рубрика | административное процессуальное право | ||
| a | Основная рубрика | право | ||
| 653 | 0_ | a | Ключевые слова | административная ответственность |
| a | Ключевые слова | административный штраф | ||
| a | Ключевые слова | законодательство | ||
| a | Ключевые слова | Кодекс РФ об административных правонарушениях | ||
| a | Ключевые слова | местные законы | ||
| a | Ключевые слова | органы внутренних дел (ОВД) | ||
| a | Ключевые слова | полиция | ||
| a | Ключевые слова | субъекты РФ | ||
| a | Ключевые слова | уполномоченные органы | ||
| 773 | 08 | t | Заглавие источника | Российская юстиция |
| d | Дата издания источника | 2021 | ||
| g | Прочая информация | № 3. - С. 12 - 15 | ||
| w | Контрольный № источника | b885f12bde384f57bfa824b25e31dd75 | ||
| 901 | t | Тип документа | b |